书目信息 |
| 题名: |
中国青年发展报告
|
|
| 作者: | 廉思 主编 | |
| 分册: | (2013) No. 1 城市新移民的崛起 | |
| 出版信息: | 北京 社会科学文献出版社 2013 |
|
| 页数: | 323页 | |
| 开本: | 24cm | |
| 丛书名: | 皮书系列 | |
| 单 册: | ||
| 中图分类: | D669.5 , D632.4 | |
| 科图分类: | ||
| 主题词: | 青年--研究报告--中国--2013 , 城市--移民--研究--中国--2013 , 青年 , 城市 , 移民 | |
| 电子资源: | ||
| ISBN: | 978-7-5097-4657-8 | |
| 000 | 01425oam2 2200349 450 | |
| 001 | 523 | |
| 005 | 20140905101043.39 | |
| 010 | @a978-7-5097-4657-8@dCNY59.00 | |
| 100 | @a20130621d2013 em y0chiy50 ea | |
| 101 | 0 | @achi@deng@eeng |
| 102 | @aCN@b110000 | |
| 105 | @ay z 000yy | |
| 106 | @ar | |
| 200 | 1 | @a中国青年发展报告@AZhong Guo Qing Nian Fa Zhan Bao Gao@h(2013) No. 1@i城市新移民的崛起@ICheng Shi Xin Yi Min De Jue Qi@dThe development report on Chinese youth@h(2013) No. 1@f廉思主编@FLian Si Zhu Bian@zeng |
| 210 | @a北京@c社会科学文献出版社@d2013 | |
| 215 | @a323页@d24cm | |
| 225 | 2 | @a皮书系列 |
| 300 | @a“十二五”国家重点图书出版规划项目 对外经济贸易大学学术创新团队项目资助 | |
| 330 | @a本书围绕当代中国面临的三大转折点,第一次提出“拐点一代”的时代论断,并以“城市新移民的崛起”为主题,在实地调研、文献研究和政策梳理的基础上,对城市新移民进行了全面系统的研究分析。全书由总报告、群体篇、专题篇、深访篇和附录五大部分构成。 | |
| 461 | 0 | @12001 @a皮书系列 |
| 510 | 1 | @aDevelopment report on Chinese youth@h(2013) No. 1@zeng |
| 516 | 1 | @a2013青年蓝皮书@A2013 Qing Nian Lan Pi Shu |
| 606 | 0 | @a青年@x研究报告@y中国@z2013 |
| 606 | 0 | @a城市@x移民@x研究@y中国@z2013 |
| 606 | 0 | @a青年 |
| 606 | 0 | @a城市 |
| 606 | 0 | @a移民 |
| 690 | @aD669.5@v5 | |
| 690 | @aD632.4@v5 | |
| 701 | 0 | @a廉思@ALian Si@f(1980~)@4主编 |
| 801 | 0 | @aCN@bTANGWEI@c20140603 |
| 905 | @b0837694-96@dD669.5@e148@f3 | |
| 中国青年发展报告.(2013) No. 1.城市新移民的崛起=The development report on Chinese youth.(2013) No. 1/廉思主编.-北京:社会科学文献出版社,2013 |
| 323页;24cm.-(皮书系列) |
| “十二五”国家重点图书出版规划项目 对外经济贸易大学学术创新团队项目资助 |
| ISBN 978-7-5097-4657-8:CNY59.00 |
| 本书围绕当代中国面临的三大转折点,第一次提出“拐点一代”的时代论断,并以“城市新移民的崛起”为主题,在实地调研、文献研究和政策梳理的基础上,对城市新移民进行了全面系统的研究分析。全书由总报告、群体篇、专题篇、深访篇和附录五大部分构成。 |
| ● |
| 相关链接 |
|
|
|
|
正题名:中国青年发展报告
索取号:D669.5/148
 
预约/预借
| 序号 | 登录号 | 条形码 | 馆藏地/架位号 | 状态 | 备注 |
| 1 | 0837694 | 208376942 | 第一样本阅览室/ [索取号:D669.5/148] | 在馆 | |
| 2 | 0837695 | 208376951 | 密集书库-史法系/ [索取号:D669.5/148] | 在馆 | |
| 3 | 0837696 | 208376960 | 第一借阅区/ [索取号:D669.5/148] | 在馆 |